000 00314nam a22001457a 4500
003 SGT
020 _a9781119312529
082 _a729
_bMIT
100 _aMITTON MAUREEN
245 _aINTERIOR DESIGN VISUAL PRESENTATION
250 _a5TH
260 _aUSA
_bWIELY PUB
_c2018
300 _a320
942 _2ddc
_cBK
999 _c32143
_d32143